| 000 | 02002cam a22004934i 4500 | ||
|---|---|---|---|
| 003 | PE-LiUPU | ||
| 005 | 20250731173101.0 | ||
| 008 | 150623s2000 flu r 000 0 spa d | ||
| 020 | _a0829728864 | ||
| 035 | _a(Sirsi) i9780829728866 | ||
| 040 |
_aPE-LiUPU _bspa _cPE-LiUPU _erda |
||
| 049 | _aPRUA | ||
| 082 | 0 | 4 |
_a226.307 _bW48 _221 |
| 100 | 1 |
_aWessel, Walter W., _eautor. |
|
| 245 | 1 | 0 |
_aMarcos / _cWessel, Walter W. |
| 264 | 1 |
_aMiami, Fl. : _bVida, _c2000. |
|
| 300 |
_a303 páginas ; _c23 centímetros. |
||
| 336 |
_atext _2rdacontent |
||
| 337 |
_aunmediated _2rdamedia |
||
| 338 |
_avolume _2rdacarrier |
||
| 490 | 0 | _aComentario Bíblico del Expositor | |
| 505 | 0 | _aPrincipio del ministerio galileo -- Ministerio galileo posterior -- Retirada de Galilea -- El viaje a Jerusalén -- Ministerio en Jerusalén -- Relato de la pasión y la resurrección. | |
| 526 | _aSEG42 | ||
| 526 | _aSEG41 | ||
| 526 | _aSEG40 | ||
| 526 | _aSEG39 | ||
| 526 | _aP94 | ||
| 526 | _aP87 | ||
| 526 | _aP86 | ||
| 526 | _aP85 | ||
| 526 | _aP77 | ||
| 526 | _aP76 | ||
| 526 | _aP35 | ||
| 630 |
_aBiblia. _pN.T. _pMarcos _xEstudio y enseñanza. |
||
| 942 |
_2ddc _cBOOK |
||
| 949 |
_a226.307 W48 _wDEWEY _c1 _i55073 _d2016-6-5 _e2016-6-1 _lCCODEBUL1 _mBUL _n1 _p20.00 _r0 _sY _tBOOK _u2015-6-24 _xTEOLOGIA _PP35 _0COMPRA _o.STAFF. Colección General |
||
| 949 |
_a226.307 W48 _wDEWEY _c2 _i48886 _lCCODEBUL1 _mBUL _p20.00 _r0 _sY _tBOOK _u2015-6-24 _xTEOLOGIA _PP35 _0COMPRA _o.STAFF. Colección General |
||
| 994 |
_aC0 _bPEPRU |
||
| 596 | _a1 | ||
| 999 |
_a226.307 W48 _wDEWEY _c28043 _i55073 _d28043 _e2016-6-1 _f2021-11-9 _g5 _lCCODEBUL1 _mBUL _n1 _p20.00 _q1 _r0 _sY _tBOOK _u2015-6-24 _xTEOLOGIA _PP35 _0COMPRA _o.STAFF. Colección Teología |
||
| 999 |
_a226.307 W48 _wDEWEY _c2 _i48886 _d2018-7-19 _f2021-11-9 _g5 _lCCODEBUL1 _mBUL _p20.00 _q1 _r0 _sY _tBOOK _u2015-6-24 _xTEOLOGIA _PP35 _0COMPRA _o.STAFF. Colección General |
||
| 980 |
_81 _gALBERTO SANCHEZ Responsable de Automatización |
||